00373pab a2200145 454500008004000000100001900040245005500059260000900114300001300123362001100136650003000147650001500177700001600192773001900208180718b2005 xxu||||| |||| 00| 0 eng d aFerreira, I.W. aCurbing corruption in the Republic of South Africa c2005 ap.15-21. aSummer aCorruption - South Africa aCorruption aBayat, M.S. aPublic Manager